000 00553nam a2200229Ia 4500
003 OSt
005 20220918184827.0
006 a|||||r|||| 00| 0
007 ta
008 220917b |||||||| |||| 00| 0 eng d
024 _a48,248
037 _cTextual
040 _aARTS
_cARTS
_beng
041 _2eng
_aeng
082 _aP0Y1, K5
100 _aHertzler Joyce O
_966755
245 0 _aSociology of language
260 _c1965
650 _aLINGUISTICS
942 _hP0Y1, K5
_cTEXL
_2CC
999 _c177918
_d177918